|
|
|
|
| LEADER |
00000cam a2200000 a 4500 |
| 001 |
vtls008332025 |
| 003 |
SK-MaSNL |
| 005 |
20260302074353.0 |
| 008 |
230403s1957 xo odalf fn 000 0 slo |
| 015 |
|
|
|a SNBA1958/04-00546
|
| 020 |
|
|
|q (viazané)
|
| 035 |
|
|
|a SK01SNK19580024242
|
| 035 |
|
|
|a urn:nbn:sk:snk-am3i42g
|
| 035 |
|
|
|a E740E765-9FE8-4095-BDCC-0DD10F80DE2D
|
| 035 |
|
|
|a urn:nbn:sk:snk-am00djat
|
| 035 |
|
|
|a SKM000026705
|
| 040 |
|
|
|a SNK
|b slo
|c SNK
|e AACR2
|
| 041 |
0 |
|
|a slo
|
| 044 |
|
|
|a xo
|c SK
|
| 072 |
|
7 |
|a 616
|x Patológia. Klinická medicína
|2 konspekt
|
| 080 |
|
|
|a 616.71
|2 2001
|
| 080 |
|
|
|a 616-006
|2 2001
|
| 080 |
|
|
|a (035)
|2 2001
|
| 080 |
|
|
|a (082)
|2 2001
|
| 100 |
1 |
|
|a Červeňanský, Ján,
|d 1905-1977
|4 aut
|4 red
|9 86646
|
| 245 |
1 |
0 |
|a Klinická problematika niektorých kostných novotvarov
|c [kolektív autorov pod vedením J. Červeňanského]
|
| 260 |
|
|
|a Bratislava
|b Slovenská akadémia vied
|c 1957
|
| 300 |
|
|
|a 327, [3] s.
|b fotografie, grafy, ilustrácie, tabuľky
|c 25 cm
|
| 366 |
|
|
|e 800 kusov
|
| 500 |
|
|
|a Erráta na strane [329]
|
| 504 |
|
|
|a Bibliografia na strane 320-324
|
| 650 |
0 |
7 |
|a kosti
|2 SNKPH
|9 1051
|
| 650 |
0 |
7 |
|a nádory
|2 SNKPH
|9 15229
|
| 655 |
|
7 |
|a príručky
|2 SNKPH
|9 74364
|
| 655 |
|
7 |
|a zborníky
|2 SNKPH
|9 70165
|
| 852 |
|
|
|a Slovenská národná knižnica
|
| 954 |
|
|
|a odborná, vedecká literatúra pôvodná (slovenská)
|2 lita
|
| 958 |
|
|
|a RK
|
| 958 |
|
|
|a MI
|
| 958 |
|
|
|a NB
|
| 958 |
|
|
|a OND
|
| 958 |
|
|
|a EUIPO
|
| 999 |
|
|
|c 1164792
|d 1166722
|
| 952 |
|
|
|a SNK
|b SNK
|y VYP
|7 0
|p 17A0504124
|o snkSC 11398 D1
|i snkKSP 1040/58
|0 0
|1 0
|4 0
|d 2006-03-29
|l 0
|r 2026-02-24 20:45:34
|w 2026-02-24
|
| 952 |
|
|
|a SNK
|b SNK
|y PREZ
|7 0
|p 17A0475297
|o snkSC 11398
|i snkKSP 1039/58
|0 0
|1 0
|4 0
|d 2006-05-25
|f 1
|l 0
|r 2025-07-11 00:00:00
|w 2026-02-24
|